000 01314nam a2200325 a 4500
001 BRCA_8600
005 20190320210336.0
008 290816s1720----gw-a######---#000-0#ger-#
041 _ager
044 _agw
050 4 _aBS199
_b.B535
_c1720
245 1 0 _aBiblia das ist die ganze heilige schristi altes und neues testaments.
260 _aNurnberg
_bBerlegung Johann Andrea Endters Seel
_c1720
300 _a1 vol. (con varias paginaciones)
_bil.
_c47 cm
500 _aFondo antiguo
500 _aSe encuentra en Caja Fuerte
500 _aW-45
500 _aTexto escrito a dos columnas
500 _aPortada impresa a dos tintas negro y rojo con grabado
500 _aContiene tablas
500 _aCon ex-libris de: Franz Mayer, William L. Glements y Robert Hoe
500 _aFirma en la guarda: Johan Heurlin, 1794 y Pastor Fegmaby , 1852
500 _aIncluye dedicatoria
500 _aEstado físico: Roturas en las páginas antepenúltima donde se encuentra un grabado y mapas ubicados al principio del documento
500 _aNota de encuadernación: piel con dorados y broches metálicos, edición de cantos dorados
506 0 _aFondo reservado: para su consulta es necesario credencial de usuario y carta de motivos
650 1 4 _aBiblia
_921500
902 _aLAR
942 _2lcc
_cB
999 _c8263
_d8263